000 00351nam a2200145Ia 4500
008 090124s9999 xx 000 0 und d
082 _b302925
245 _a गुंफण
250 _a1
260 _bवैद्य अनुराधा
_c1994
300 _a184
630 _a गुंफण
730 _a गुंफण
942 _cBOOK
999 _c192562
_d192562